Microeconomics / (Record no. 614545)
[ view plain ]
| 000 -LEADER | |
|---|---|
| fixed length control field | 01966cam a2200373 i 4500 |
| 001 - CONTROL NUMBER | |
| control field | 19393613 |
| 005 - DATE AND TIME OF LATEST TRANSACTION | |
| control field | 20250821104750.0 |
| 008 - FIXED-LENGTH DATA ELEMENTS--GENERAL INFORMATION | |
| fixed length control field | 161202s2018 nyu 001 0 eng |
| 010 ## - LIBRARY OF CONGRESS CONTROL NUMBER | |
| LC control number | 2016054568 |
| 020 ## - INTERNATIONAL STANDARD BOOK NUMBER | |
| International Standard Book Number | 9781292213316 |
| 035 ## - SYSTEM CONTROL NUMBER | |
| System control number | 19393613 |
| 040 ## - CATALOGING SOURCE | |
| Original cataloging agency | DLC |
| Language of cataloging | eng |
| Transcribing agency | DLC |
| Description conventions | rda |
| Modifying agency | DLC |
| 042 ## - AUTHENTICATION CODE | |
| Authentication code | pcc |
| 050 00 - LIBRARY OF CONGRESS CALL NUMBER | |
| Classification number | HB172 |
| Item number | .P53 2018 |
| 082 00 - DEWEY DECIMAL CLASSIFICATION NUMBER | |
| Classification number | 338.5 |
| Author Mark | PIN |
| 100 1# - MAIN ENTRY--PERSONAL NAME | |
| Personal name | Pindyck, Robert S., |
| Relator term | author. |
| 9 (RLIN) | 130376 |
| 245 10 - TITLE STATEMENT | |
| Title | Microeconomics / |
| Statement of responsibility, etc. | Robert S. Pindyck, Massachusetts Institute of Technology, Daniel L. Rubinfeld, University of California, Berkeley. |
| 250 ## - EDITION STATEMENT | |
| Edition statement | Ninth edition. |
| 264 #1 - PRODUCTION, PUBLICATION, DISTRIBUTION, MANUFACTURE, AND COPYRIGHT NOTICE | |
| Place of production, publication, distribution, manufacture | NY, NY : |
| Name of producer, publisher, distributor, manufacturer | Pearson, |
| Date of production, publication, distribution, manufacture, or copyright notice | [2018] |
| 300 ## - PHYSICAL DESCRIPTION | |
| Extent | xxii, 759 pages ; |
| Dimensions | 27 cm |
| 336 ## - CONTENT TYPE | |
| Content type term | text |
| Content type code | txt |
| Source | rdacontent |
| 337 ## - MEDIA TYPE | |
| Media type term | unmediated |
| Media type code | n |
| Source | rdamedia |
| 338 ## - CARRIER TYPE | |
| Carrier type term | volume |
| Carrier type code | nc |
| Source | rdacarrier |
| 500 ## - GENERAL NOTE | |
| General note | Revised edition of the authors' Microeconomics, c2013. |
| 500 ## - GENERAL NOTE | |
| General note | Includes index. |
| 520 ## - SUMMARY, ETC. | |
| Summary, etc. | Microeconomics, Global Edition (9th Edition) by Robert Pindyck and Daniel Rubinfeld is a contemporary intermediate-level microeconomics textbook published by Pearson (International). It offers a clear, accessible, and engaging introduction to microeconomic theory and its practical applications, emphasizing topics like game theory, competitive strategy, uncertainty, information economics, and market power. The text empowers students to understand how microeconomic tools can inform real-world business decisions and public policy, enhanced with global examples and updated analyses for modern economic contexts. |
| 546 ## - LANGUAGE NOTE | |
| Language note | In English |
| 650 #0 - SUBJECT ADDED ENTRY--TOPICAL TERM | |
| Topical term or geographic name entry element | Microeconomics. |
| 700 1# - ADDED ENTRY--PERSONAL NAME | |
| Personal name | Rubinfeld, Daniel L., |
| Relator term | author. |
| 9 (RLIN) | 130377 |
| 906 ## - LOCAL DATA ELEMENT F, LDF (RLIN) | |
| a | 7 |
| b | cbc |
| c | orignew |
| d | 1 |
| e | ecip |
| f | 20 |
| g | y-gencatlg |
| 942 ## - ADDED ENTRY ELEMENTS (KOHA) | |
| Source of classification or shelving scheme | |
| Koha item type | Book |
| Withdrawn status | Lost status | Source of classification or shelving scheme | Damaged status | Not for loan | Permanent Location | Current Location | Shelving location | Date acquired | Source of acquisition | Cost, normal purchase price | Total Checkouts | Full call number | Barcode | Date last seen | Date last checked out | Copy number | Cost, replacement price | Price effective from | Koha item type |
|---|---|---|---|---|---|---|---|---|---|---|---|---|---|---|---|---|---|---|---|
| NUST School of Health Sciences (NSHS) | NUST School of Health Sciences (NSHS) | General Stacks | 08/08/2025 | Allied Book Company | 29421.00 | 2 | 338.5 PIN | NSHS-2106 | 03/02/2026 | 03/02/2026 | c.1 | 58842.00 | 08/08/2025 | Book | |||||
| NUST School of Health Sciences (NSHS) | NUST School of Health Sciences (NSHS) | General Stacks | 08/08/2025 | Allied Book Company | 29421.00 | 338.5 PIN | NSHS-2107 | 02/03/2026 | c.2 | 58842.00 | 08/08/2025 | Book |
